000 00769nas a2200229 4500
001 BR7310988
003 BR-BrBNA
005 20231205082713.0
007 ta
008 230509b bl.|||p| |||| 00| 00por d
040 _aBR-BrBNA
_bpor
_cBiblioteca Nacional de Agricultura
041 _a(Pt)
072 _aL30; L50
100 1 _aNascimento Junior, D. do
245 1 _aAvaliacao do valor nutritivo de forrageiras de inverno usando tecnicas in Vitro e ensaios de digestibilidade
_bParte de tese
650 _aFORRAGEIRA DE INVERNO
650 _aVALOR NUTRITIVO
650 _aDIGESTIBILIDADE IN VITRO
773 0 _tExperientiae (Brazil)
_xISSN 0014-4762
_g(Sep 1973), v. 16(5) p. 81-102
_wBR7310988
909 _a202311
_bLúcia
_c55
_dLúcia Elande
942 _2AGRIS
_n0
_cANA
999 _c93742
_d93742